000
00316nam a2200157Ia 4500
100
_a
Forouzan/B.A
250
_a
2
942
_c
BK
654
_a
TCP/IP
245
_a
TCP/IP Protocol suite
260
_b
Tata Mc Graw hill Ltd.
_c
2003
082
_a
4.62
_b
FOR
300
_a
942
546
_a
ENGLISH
999
_c
29423
_d
29423